| 000 | 00510nam a2200193Ia 4500 | ||
|---|---|---|---|
| 005 | 20250423095947.0 | ||
| 008 | 250422s9999 xx 000 0 und d | ||
| 020 | _a9789350350591 | ||
| 050 | _aPN 56 .L33 .P67/ | ||
| 100 | _aPosner, Richard A. | ||
| 245 | 0 | _aLaw and literature | |
| 250 | _a3rd ed. | ||
| 260 | _anew delhi | ||
| 260 | _buniversal law pub. | ||
| 260 | _c2012 | ||
| 300 | _a570 p | ||
| 650 | _aLaw in literature. Law and literature. Legal stories _History and criticism. | ||
| 942 | _cBK | ||
| 999 |
_c31860 _d31860 |
||